|
|
|
|
| LEADER |
00000nas a2200000 a 4500 |
| 005 |
2011071203123.0 |
| 007 |
cr ||||||||||| |
| 008 |
011115c20009999sp |||||s ||| 0 ||spa|c |
| 022 |
|
|
|a 1576-4729
|
| 035 |
|
|
|a 2476
|
| 040 |
|
|
|d vLex
|
| 090 |
|
|
|c 2216
|d 2216
|
| 245 |
0 |
0 |
|a Historia constitucional
|h [Recurso electrn̤ico]
|
| 256 |
|
|
|a Servicio en ln̕ea.
|
| 260 |
|
|
|a Oviedo :
|b Universidad de Oviedo. ℓrea de Derecho Constitucional,
|c 2000-
|
| 310 |
|
|
|a Anual
|
| 362 |
0 |
|
|a No. 1 (Jun. 2000)-
|
| 500 |
|
|
|a Textos enteros en formato HTML/Word
|
| 500 |
|
|
|a Tt̕ulo obtenido de la pantalla de tt̕ulo (consulta 15 nov. 2001)
|
| 506 |
1 |
|
|a Contenido solo disponible en los productos indicados
|d vLex Global
|d vLex Global (Academic Edition, excluding Law Schools)
|d vLex Global (U.S. Academic Edition, Law Schools)
|d vLex Global (U.S. Academic Edition, excluding Law Schools)
|d vLex Global (Academic Edition, Law Schools)
|
| 530 |
|
|
|a Versin̤ electrn̤ica del mismo tt̕ulo en papel
|
| 538 |
|
|
|a Modalidad de acceso: World Wide Web
|
| 650 |
0 |
4 |
|a Histṛia constitucional
|
| 650 |
0 |
4 |
|a Revistes
|
| 651 |
|
4 |
|a Espaą
|
| 655 |
|
4 |
|a Revistas electrn̤icas
|
| 730 |
0 |
|
|a Biblioteca de filologa̕ hispǹica (Oviedo).
|p Series maior.
|
| 740 |
0 |
|
|a vLex Revistas (Servicio en ln̕ea)
|
| 856 |
|
|
|u http://vlex.com/source/historia-constitucional-2476
|z Acceso restringido
|
| 942 |
|
|
|c REV
|